O grande conflito (Registo nº 1531)

Detalhes MARC
000 -Etiqueta do registo
Cabeçalho 00774nam0a2200277 4500
005 - Identificador da versão
Campo de controlo 20240813121839.0
010 ## - Número internacional normalizado dos livros (ISBN)
Número (ISBN) 9789728891503
021 ## - Número do Depósito Legal
Código do país PT
Número 338573/12
100 ## - Dados gerais de processamento
Dados gerais de processamento 20150811d2012 m y0pory5003 ba
102 ## - Pais de publicação ou produção
País de publicação Portugal
101 1# - Língua de publicação
Língua do texto, banda sonora, etc. Português
Língua do documento no original Inglês
215 ## - Descrição física 
Indicação específica da natureza do documento e extensão da espécie 604 p.
200 1# - Titulo e menção de responsabilidade
Título próprio O grande conflito
Informação de outro título no fim, o bem vencerá
Primeira menção de responsabilidade Ellen G. White
205 ## - Menção da edição
Menção da edição 2ª ed
210 ## - Publicação, Distribuição, etc. 
Lugar da edição, distribuição, etc. Almargem do Bispo
Nome do editor, distribuidor, etc. Publicadora Servir
Data da publicação, distribuição, etc. 2012
606 ## - Nome comum usado como assunto
Número de registo de entrada de autoridade 0002422
Palavra de ordem Teologia
Código do sistema CA
Número de registo de entrada de autoridade 0002423
Palavra de ordem Religiões
Código do sistema CA
675 ## - Classificação Decimal Universal (CDU)
Notação 27-42
Edição BN
Língua da edição por
Notação 27-42
Edição 3ªed.
Língua da edição por
Notação 27-184
Edição 3ªed.
Língua da edição por
700 #1 - Nome de autor-pessoa física (responsabilidade principal)
Número de registo de entrada de autoridade 0002421
Palavra de ordem White
Outra parte do nome não tomada para palavra de ordem Ellen G
Datas 1827-1915
966 ## - Identificação da Biblioteca
Sigla EB2,3ENM
942 ## - Elementos de entrada adicionados (Koha)
Tipo de item no Koha Livro
Exemplares
Situação do levantamento Origin of item (home branch) (coded) Biblioteca de empréstimo Código de barras Cota Circulation type (not for loan) Tipo de documento Nota do exemplar Damaged status
  Biblioteca Escolar Eng. Nuno Mergulhão Biblioteca Escolar Eng. Nuno Mergulhão BENM3663 2 WHI   Livro Sem mensagem